| 000 | 01244nab a22002417a 4500 | ||
|---|---|---|---|
| 999 |
_c6336 _d6336 |
||
| 003 | OSt | ||
| 005 | 20260130212908.0 | ||
| 008 | 190603e xxum|||| |||| 00| 0 spa d | ||
| 040 | _cPJ | ||
| 100 |
_97005 _aRoldán, Gustavo E. |
||
| 245 | 1 | 3 |
_aEl defensor de menores e incapaces en los procesos de familia : _bfunciones y desafíos actuales / _cGustavo E. Roldán. |
| 260 |
_cCiudad Autónoma de Buenos Aires : _aThomson Reuters La Ley, _b2025. |
||
| 300 | _ap. 125-136 | ||
| 500 | _aCita: TR LALEY AR/DOC/2299/2025 Publicado en: RCCyC 2025 (Octubre). | ||
| 505 | _aSumario: I. Introducción.— II. Marco normativo y el rol del defensor.— III. Intervención en los diferentes procesos.— IV. Desafíos actuales.— V. Jurisprudencia relevante sobre la intervención obligatoria del defensor.— VI. Reflexión final. | ||
| 505 | _t¿Te interesa el texto completo? Solicitalo al correo: koha@justierradelfuego.gov.ar | ||
| 650 | 0 |
_9967 _aDERECHO DE FAMILIA |
|
| 650 | 0 |
_93874 _aPROCESOS DE FAMILIA |
|
| 650 | 0 |
_92728 _aDEFENSOR |
|
| 650 | 0 |
_9180 _aDEBIDO PROCESO |
|
| 773 | 0 |
_02713 _93170 _dCiudad Autónoma de Buenos Aires : Thomson Reuters La Ley, 2015- _tRevista Código Civil y Comercial. Nº 5 - Octubre 2025 |
|
| 942 |
_2udc _cANA |
||